000 00455nam a2200169 a 4500
001 34602
005 20180714002747.0
008 140415s1967 000 0 spa d
041 _aspa
082 _a894.511
_bPAS
100 1 _aPASSUTH, LAZLO
245 1 3 _aEL DIOS DE LA LLUVIA LLORA SOBRE MEJICO
260 _a[s.l.] :
_bLUIS DE CARALT,
_c1967
300 _a583
490 _aGIGANTE
650 1 4 _aLITERATURA HUNGARA
_xNOVELA HUNGARA
999 _c34602
_d34602